| 000 | 00604nam a2200205 a 4500 | ||
|---|---|---|---|
| 999 |
_c3618 _d3618 |
||
| 001 | 3617 | ||
| 003 | BD-JhCC | ||
| 005 | 20171115171658.0 | ||
| 008 | 171115s1977 bg a|||| |||| 000 0 ben d | ||
| 035 | _a(BD-JhCC) | ||
| 040 |
_aBD-JhCC _dBD-JhCC |
||
| 041 | _aben | ||
| 082 |
_a923.1 _bAHA 1977 |
||
| 100 | _aআহমদ, শাহাবুদ্দীন | ||
| 245 |
_aছোটদের নজরুল / _cশাহাবুদ্দীন আহমদ |
||
| 260 |
_aঢাকা : _bমুক্তধারা, _c১৯৭৭ |
||
| 300 |
_a79 p. ; _c14 cm |
||
| 650 | _aBiography | ||
| 942 |
_2ddc _cBK |
||